Statistics for This is Russia - Pictures

Click here to take the quiz!

General Stats

  • This quiz has been taken 41 times
  • The average score is 10 of 20

Answer Stats

Answer% Correct
Lenin
89%
Mikhail Gorbachev
84%
Moscow
82%
Red Square Moscow
82%
Rouble
82%
Hermitage Museum
71%
Saint Basil's
71%
Yuri Gagarin
63%
Borscht
58%
Lake Baikal
50%
Volga river
50%
Catherine the Great
47%
Samovar
47%
Stalingrad / Volgograd
37%
Taiga / Forest
29%
Siberia
24%
Tchaikovsky
24%
Vladivostok
21%
Matryoshka Dolls
18%
Valentina Tereshkova
11%

Score Distribution

Percentile by Number Answered

Percent of People with Each Score

Your Score History

You have not taken this quiz